Our life : (Record no. 4688)

MARC details
000 -LEADER
fixed length control field 00522cam a2200181 4500
001 - CONTROL NUMBER
control field 5567
005 - DATE AND TIME OF LATEST TRANSACTION
control field 20181127175758.0
008 - FIXED-LENGTH DATA ELEMENTS--GENERAL INFORMATION
fixed length control field 980302s1998 cau b 001 0 eng
010 ## - LIBRARY OF CONGRESS CONTROL NUMBER
LC control number 98015913
020 ## - INTERNATIONAL STANDARD BOOK NUMBER
International Standard Book Number 9789993675617
100 0# - MAIN ENTRY--PERSONAL NAME
Personal name Wangdi, Phub.
Titles and words associated with a name
245 14 - TITLE STATEMENT
Title Our life :
Remainder of title waste not regret not! /
Statement of responsibility, etc. Phub Wangdi.
260 ## - PUBLICATION, DISTRIBUTION, ETC.
Place of publication, distribution, etc. [Thimphu] :
Name of publisher, distributor, etc. Phub Wangdi,
Date of publication, distribution, etc. 2016.
300 ## - PHYSICAL DESCRIPTION
Extent 70 p. ;
Dimensions 24 cm.
504 ## - BIBLIOGRAPHY, ETC. NOTE
Bibliography, etc. note Includes bibliographical references and index.
650 #0 - SUBJECT ADDED ENTRY--TOPICAL TERM
Topical term or geographic name entry element Buddhism
General subdivision Doctrines.
Topical term or geographic name entry element Four Noble Truths.
Holdings
Withdrawn status Lost status Source of classification or shelving scheme Damaged status Not for loan Collection code Home library Current library Shelving location Date acquired Serial Enumeration / chronology Inventory number Full call number Barcode Date last seen Price effective from Koha item type Total Checkouts Date last checked out Copy number
    Dewey Decimal Classification     Main TEST RTC Library RTC Library Main opac 28/05/2022 8918 248.53 WAN c.1 30009021 27/11/2018 27/11/2018 Main      
    Dewey Decimal Classification     Main TEST RTC Library RTC Library Main opac 28/05/2022 11943 248.53 WAN 2016 c.2 30012642 09/09/2019 27/11/2018 Main 2 23/08/2019 2
    Dewey Decimal Classification     Main TEST RTC Library RTC Library Main opac 28/05/2022 16399   248.53 WAN 2016 c.3 30015168 28/05/2022 28/05/2022 Main      
    Dewey Decimal Classification     Main TEST RTC Library RTC Library Main opac 28/05/2022 16400   248.53 WAN 2016 c.4 30015397 28/05/2022 28/05/2022 Main      
    Dewey Decimal Classification     Main TEST RTC Library RTC Library Main opac 28/05/2022 16401   248.53 WAN 2016 c.5 30015312 05/12/2025 28/05/2022 Main      
    Dewey Decimal Classification     Main TEST RTC Library RTC Library Main opac 28/05/2022 16407   248.53 WAN 2016 c.11 30015387 28/05/2022 28/05/2022 Main      
    Dewey Decimal Classification     Main TEST RTC Library RTC Library Main opac 28/05/2022 16406   248.53 WAN 2016 c.10 30015346 28/05/2022 28/05/2022 Main      
    Dewey Decimal Classification     Main TEST RTC Library RTC Library Main opac 28/05/2022 16405   248.53 WAN 2016 c.9 30015149 28/05/2022 28/05/2022 Main      
    Dewey Decimal Classification     Main TEST RTC Library RTC Library Main opac 28/05/2022 16404   248.53 WAN 2016 c.8 30015366 28/05/2022 28/05/2022 Main      
    Dewey Decimal Classification     Main TEST RTC Library RTC Library Main opac 28/05/2022 16403   248.53 WAN 2016 c.7 30015330 28/05/2022 28/05/2022 Main      
    Dewey Decimal Classification     Main TEST RTC Library RTC Library Main opac 28/05/2022 16402   248.53 WAN 2016 c.6 30015326 28/05/2022 28/05/2022 Main      
    Dewey Decimal Classification     Main TEST RTC Library RTC Library Main opac 28/05/2022 16408   248.53 WAN 2016 c.12 30015306 28/05/2022 28/05/2022 Main      
Royal Thimphu College || All Right Reserved